[Event "Défi"]
[Site "www.echecsemail.com"]
[Date "2026.01.31"]
[Round "1"]
[White "Chomi64"]
[Black "Kaspy"]
[WhiteElo "1850"]
[BlackElo "1830"]
[Result "0-1"]
1.d4 d5
2.Ng1f3 Nb8c6
3.Nb1c3 Bc8f5
4.a3 h6
5.e3 Ng8f6
6.Bf1b5 a6
7.Bb5a4 b5
8.Ba4b3 Nc6a5
9.Bb3a2 c6
10.Nf3e5 Qd8c7
11.O-O e6
12.Nc3e2 Bf8d6
13.f4 O-O
14.Ne2g3 c5
15.Ng3xf5 exf5
16.c3 Nf6e4
17.Ba2xd5 Ra8d8
18.Qd1c2 cxd4
19.exd4 Bd6xe5
20.fxe5 Rd8xd5
21.Bc1e3 Na5c4
22.Be3c1 Qc7d7
23.Qc2e2 Qd7e6
24.Qe2h5 Nc4d2
25.Bc1xd2 Ne4xd2
26.Rf1xf5 Qe6g6
27.Qh5h3 Nd2e4
28.Ra1e1 Ne4g5
29.Qh3d3 Rf8e8
30.h4 Ng5e6
31.Qd3f3 Rd5xd4
32.cxd4 Ne6xd4
33.Qf3d3 Nd4xf5
34.Qd3d7 Re8e6
35.Qd7d3 Kh7
36.Qd3h3 Nf5g3
37.Re1e3 Qg6b1
38.Kh2 Ng3f1
{ abandon }0-1

[Event "Défi"]
[Site "www.echecsemail.com"]
[Date "2026.01.31"]
[Round "1"]
[White "Arno"]
[Black "Burgman"]
[WhiteElo "1780"]
[BlackElo "2000"]
[Result "0-1"]
1.d4 Ng8f6
2.Ng1f3 e6
3.Nb1d2 c5
4.e3 Nb8c6
5.c3 d5
6.Bf1d3 cxd4
7.exd4 Bf8e7
8.O-O Bc8d7
9.Nf3e5 Qd8c7
10.Nd2f3 h6
11.Qd1e2 Be7d6
12.a4 a6
13.Bd3c2 Bd6xe5
14.dxe5 Nf6h7
15.Bc1f4 O-O-O
16.Bc2xh7 Rh8xh7
17.b4 Nc6e7
18.c4 dxc4
19.Rf1c1 Kb8
20.Qe2xc4 Qc7xc4
21.Rc1xc4 Ne7d5
22.Bf4g3 Rh7h8
23.Nf3d4 Rd8c8
24.Rc4xc8 Rh8xc8
25.b5 axb5
26.axb5 Rc8c4
27.Nd4e2 Bd7xb5
28.Ra1b1 Bb5a6
29.Ne2c1 Nd5c3
30.Rb1a1 Rc4a4
31.Ra1xa4 Nc3xa4
32.f4 b5
33.Bg3f2 Kc7
34.Nc1b3 Ba6b7
35.Kf1 Bb7d5
36.Nb3c1 b4
37.Bf2d4 b3
38.Nc1d3 Bd5c4
{ abandon }0-1

[Event "Défi"]
[Site "www.echecsemail.com"]
[Date "2026.01.31"]
[Round "1"]
[White "Tinenfant"]
[Black "Kaelstrum"]
[WhiteElo "1850"]
[BlackElo "1410"]
[Result "0-1"]
1.e4 e5
2.Ng1f3 Ng8f6
3.Nb1c3 Bf8b4
4.d3 Nb8c6
5.Bc1d2 O-O
6.Bf1e2 h6
7.O-O d6
8.a3 Bb4a5
9.b4 Ba5b6
10.h3 Nc6d4
11.Nf3xd4 Bb6xd4
12.Ra1c1 Bc8e6
13.Rf1e1 Qd8d7
14.g4 Ra8c8
15.Be2f3 a6
16.Rc1b1 Qd7e7
17.Nc3e2 Bd4a7
18.Bd2c3 Nf6h7
19.Bf3g2 Qe7h4
20.Re1f1 Nh7g5
21.Kh2 Be6xg4
22.Qd1e1 Bg4xh3
23.f3 Qh4xe1
24.Rf1xe1 Bh3xg2
25.Kxg2 f5
26.exf5 Rf8xf5
27.Re1f1 Rc8f8
28.Ne2g3 Rf5f7
29.Ng3e4 Ng5xe4
30.dxe4 Ba7e3
31.Rb1e1 Be3f4
32.Re1d1 Rf7f6
33.Kh3 Rf6g6
34.Rf1g1 Rf8f6
35.Bc3b2 Kh7
36.Rg1xg6 Rf6xg6
37.Rd1f1 Rg6g3
38.Kh4 Rg3g2
39.a4 Rg2xc2
40.Bb2a1 g6
41.b5 h5
42.bxa6 Rc2h2
0-1

[Event "Défi"]
[Site "www.echecsemail.com"]
[Date "2026.01.31"]
[Round "1"]
[White "Tiounet"]
[Black "Hberlioz"]
[WhiteElo "1600"]
[BlackElo "1670"]
[Result "0-1"]
1.a3 d5
2.b4 e5
3.Bc1b2 Bf8d6
4.Ng1f3 f6
5.g3 Bc8g4
6.Bf1g2 Nb8c6
7.O-O Qd8d7
8.Rf1e1 O-O-O
9.Nb1c3 Ng8e7
10.Qd1c1 h5
11.Nc3b5 Bg4xf3
12.Bg2xf3 h4
13.Nb5xd6 Qd7xd6
14.d3 hxg3
15.fxg3 Qd6e6
16.Qc1d2 e4
17.Bf3g2 Rh8h6
18.dxe4 dxe4
19.Qd2e3 Rd8h8
20.Qe3xe4 Qe6f7
21.h4 Rh6h5
22.Bb2c3 g5
23.Re1f1 f5
24.Qe4d3 Rh8h7
25.hxg5 Rh5xg5
26.Ra1d1 Qf7h5
27.Qd3d7 Kb8
28.Bc3e5 Ne7d5
29.Rd1xd5 Rh7xd7
30.Rd5xd7 a5
31.Rd7xc7 Nc6xe5
32.Rc7xb7 Kc8
33.bxa5 Qh5xe2
34.Rb7a7 Qe2e3
{ abandon }0-1

[Event "Coupe Niveau 6"]
[Site "www.echecsemail.com"]
[Date "2026.01.31"]
[Round "1"]
[White "Orosco"]
[Black "Elghribi"]
[WhiteElo "2230"]
[BlackElo "1930"]
[Result "1-0"]
1.e4 d6
2.d4 Ng8f6
3.Nb1c3 g6
4.Ng1f3 Bf8g7
5.h3 O-O
6.Bc1e3 h6
7.Qd1d2 Kh7
8.O-O-O Nb8c6
9.Kb1 Nf6d7
10.Bf1e2 e5
11.dxe5 Nd7xe5
12.Nf3xe5 Nc6xe5
13.f4 Ne5c6
14.h4 h5
15.g4 hxg4
16.h5 f5
17.Rd1g1 Rf8e8
18.Be2c4 gxh5
19.Rh1xh5 Kg6
20.Rg1xg4 { abandon }1-0

[Event "Tournoi n27345"]
[Site "www.echecsemail.com"]
[Date "2026.01.31"]
[Round "1"]
[White "Chronik"]
[Black "Kichmat"]
[WhiteElo "2240"]
[BlackElo "2000"]
[Result "1-0"]
1.e4 c5
2.Ng1f3 e6
3.d4 cxd4
4.Nf3xd4 Ng8f6
5.Nb1c3 d6
6.Bf1e2 Bf8e7
7.Bc1e3 O-O
8.O-O Nb8c6
9.Kh1 Nc6xd4
10.Be3xd4 e5
11.Bd4e3 a6
12.f4 Bc8d7
13.f5 b5
14.Be2d3 Bd7c6
15.g4 Nf6d7
16.Qd1d2 Nd7c5
17.g5 f6
18.g6 Nc5xd3
19.cxd3 d5
20.gxh7 Kh8
21.Rf1g1 d4
22.Be3h6 Rf8f7
23.Nc3e2 Qd8d7
24.Bh6xg7 Rf7xg7
25.Rg1xg7 Kxg7
26.Ra1g1 Kxh7
27.Qd2e1 Be7f8
28.Qe1h4 Bf8h6
29.Rg1g6 { abandon }1-0

[Event "Défi"]
[Site "www.echecsemail.com"]
[Date "2026.01.31"]
[Round "1"]
[White "Tinenfant"]
[Black "Chomi64"]
[WhiteElo "1850"]
[BlackElo "1840"]
[Result "1-0"]
1.e4 d5
2.exd5 Ng8f6
3.Nb1c3 Nf6xd5
4.Nc3xd5 Qd8xd5
5.c4 Qd5d8
6.d4 Bc8f5
7.Ng1f3 e6
8.b3 Bf8d6
9.Bf1e2 Nb8c6
10.O-O Nc6b4
11.Bc1b2 O-O
12.a3 Nb4c6
13.Ra1c1 Bd6f4
14.Rc1a1 Qd8e7
15.Be2d3 Bf5g4
16.h3 Bg4h5
17.Rf1e1 Ra8d8
18.Qd1e2 Rf8e8
19.g4 Bh5g6
20.Bd3xg6 hxg6
21.Ra1d1 Nc6b8
22.Qe2e4 Bf4h6
23.Qe4xb7 a6
24.d5 Rd8d7
25.dxe6 Rd7xd1
26.Re1xd1 Qe7xe6
27.Qb7xc7 Qe6e2
28.Rd1e1 Qe2xf3
29.Re1xe8 Kh7
30.Qc7g3 Qf3xg3
31.fxg3 Nb8d7
32.Re8e7 Nd7c5
33.Re7xf7 Nc5xb3
34.Rf7a7 Bh6e3
35.Kg2 Be3xa7
36.Kf3 g5
37.Ke4 Ba7b8
38.Bb2e5 Bb8a7
39.Kd5 Ba7c5
40.a4 Bc5e7
41.Kc6 Be7c5
42.Be5d6 Bc5f2
43.Kb7 Nb3a5
44.Kxa6 Na5xc4
45.Bd6c7 Kg6
46.a5 Kf6
47.Kb5 Nc4e5
48.Bc7xe5 Kxe5
49.a6 Ke4
50.Kc6 Bf2xg3
51.a7 Kf3
52.a8Q { abandon }1-0

[Event "Tournoi échelle division 1"]
[Site "www.echecsemail.com"]
[Date "2026.01.31"]
[Round "1"]
[White "Pgo"]
[Black "Luc20"]
[WhiteElo "1740"]
[BlackElo "1820"]
[Result "1/2-1/2"]
1.e4 e6
2.b3 d5
3.exd5 exd5
4.d4 Ng8f6
5.Bc1b2 Bc8f5
6.Qd1e2 Bf8e7
7.Qe2b5 Nb8d7
8.Qb5xb7 Bf5xc2
9.Nb1a3 Bc2f5
10.Qb7c6 O-O
11.Ng1f3 Nd7b6
12.Bf1a6 Bf5d7
13.Qc6c2 Nf6e4
14.O-O Rf8e8
15.Rf1e1 Be7f8
16.Nf3e5 Bd7c8
17.Ba6b5 Re8e6
18.Bb5c6 Ra8b8
19.Na3b5 a6
20.Nb5a7 Bc8b7
21.f3 Ne4f6
22.g4 Bf8d6
23.Bc6xb7 Rb8xb7
24.Na7c6 Qd8e8
25.h4 Nf6d7
26.Bb2c3 Nd7xe5
27.Nc6xe5 Nb6d7
28.Ne5xd7 Qe8xd7
29.Re1xe6 fxe6
30.Ra1e1 Bd6g3
31.Re1e2 Bg3xh4
32.Bc3e1 Bh4f6
33.Qc2d3 Rb7b6
34.Re2c2 Rb6c6
35.Rc2h2 g6
36.Be1d2 Qd7f7
37.g5 Bf6d8
38.Rh2f2 Qf7f5
39.Qd3xf5 gxf5
40.f4 Rc6c2
41.Bd2e3 Rc2xf2
42.Kxf2 Kg7
43.a4 Kg6
44.Kf3 Bd8e7
45.Be3d2 Kh5
46.Kg3 h6
47.gxh6 Kxh6
48.b4 c6
49.a5 Kh5
50.Kh3 Be7h4
51.Bd2c3 Bh4f2
52.Kg2 Bf2e3
53.Kf3 Be3c1
54.Kg3 Bc1a3
55.Kh3 Ba3c1
{ nul }1/2-1/2

[Event "Tournoi n27344"]
[Site "www.echecsemail.com"]
[Date "2026.01.31"]
[Round "1"]
[White "Caraca2"]
[Black "Verson"]
[WhiteElo "1750"]
[BlackElo "1870"]
[Result "1/2-1/2"]
1.e4 e6
2.d4 d5
3.e5 c5
4.c3 Nb8c6
5.Bf1b5 Bc8d7
6.Ng1f3 Nc6xe5
7.Bb5xd7 Ne5xd7
8.O-O Ng8f6
9.Bc1g5 Bf8d6
10.Rf1e1 Qd8c7
11.g3 h6
12.Bg5h4 O-O
13.dxc5 Bd6xc5
14.b4 Bc5d6
15.Qd1d3 Ra8c8
16.Re1e3 Nf6g4
17.Re3e2 e5
18.Qd3f5 Ng4f6
19.Bh4xf6 Nd7xf6
20.Nf3xe5 Rf8e8
21.f4 Bd6xe5
22.fxe5 Nf6e4
23.Re2e3 Qc7xe5
24.Qf5xe5 Re8xe5
25.a4 Rc8e8
26.Nb1a3 Ne4f6
27.Re3xe5 Re8xe5
28.Na3c2 Re5e2
29.Nc2d4 Re2e3
30.Ra1c1 Re3d3
31.Nd4f5 Nf6e4
32.c4 dxc4
33.Rc1xc4 Ne4d6
34.Nf5xd6 Rd3xd6
35.Rc4c7 Rd6b6
36.b5 a6
37.bxa6 bxa6
38.Rc7c8 Kh7
39.Rc8c7 f6
40.h4 Rb6b4
41.a5 Rb4b5
42.Rc7a7 Rb5xa5
43.Kg2 Ra5a2
44.Kh3 a5
45.h5 a4
46.g4 a3
47.Kg3 Ra2a1
48.Kg2 a2
49.Kf2 Kg8
50.Ra7a8 Kf7
51.Ra8a7 Kf8
52.Ra7a8 Kf7
53.Ra8a7 Kf8
54.Ra7a8 { nul }1/2-1/2

[Event "Tournoi n27279"]
[Site "www.echecsemail.com"]
[Date "2026.01.31"]
[Round "1"]
[White "Jlr"]
[Black "Hermite"]
[WhiteElo "1380"]
[BlackElo "1500"]
[Result "1/2-1/2"]
1.e4 e5
2.Ng1f3 Nb8c6
3.Bf1c4 Bf8e7
4.d3 d6
5.g3 Bc8g4
6.h3 Bg4xf3
7.Qd1xf3 f6
8.g4 Nc6d4
9.Qf3g3 Qd8d7
10.c3 Nd4c2
11.Ke2 Nc2xa1
12.g5 b5
13.Bc4d5 O-O-O
14.Qg3e3 f5
15.Qe3xa7 c6
16.Qa7a6 Qd7b7
17.Bd5e6 Kb8
18.Qa6xb7 Kxb7
19.b3 Be7xg5
20.Bc1xg5 f4
21.Bg5xd8 Ng8h6
22.Nb1a3 Rh8xd8
23.Rh1xa1 Rd8e8
24.Be6d7 Re8e7
25.Bd7f5 g6
26.Bf5g4 Nh6f7
27.c4 Nf7g5
28.cxb5 c5
29.Na3c4 h5
30.Nc4a5 Kb6
31.Na5c4 Kxb5
32.Nc4xd6 Kc6
33.Nd6c8 Re7c7
34.f3 hxg4
35.h4 gxf3
36.Kf2 Ng5h7
37.Kxf3 Rc7xc8
38.Ra1g1 Nh7f8
39.Rg1g5 Rc8d8
40.Rg5xe5 Nf8d7
41.Re5g5 Nd7f8
42.Rg5e5 Rd8xd3
43.Kxf4 Rd3h3
44.Kg5 Rh3g3
45.Kh6 Rg3g4
46.h5 Rg4h4
47.Kg5 Rh4h2
48.hxg6 Rh2g2
49.Kf6 Nf8xg6
50.Re5e6 Kb5
51.a4 Ka5
52.Kf5 Ng6h4
53.Ke5 Rg2d2
54.Re6c6 Kb4
55.Rc6b6 Kc3
56.Rb6b5 Nh4f3
57.Kf4 Nf3d4
58.Rb5xc5 Kxb3
59.a5 Nd4e6
60.Ke3 Rd2a2
61.Rc5b5 Kc4
62.Rb5e5 Ra2a4
63.Re5xe6 Ra4xa5
64.Re6c6 Kb5
65.Rc6c8 Ka4
66.Rc8c3 Ra5e5
67.Kd4 Re5e8
68.e5 Kb4
69.Rc3c4 Kb5
70.Rc4c5 Kb6
71.Rc5d5 Kc7
72.Ke4 Kc6
73.Rd5d6 Kc5
74.Rd6d5 Kc6
75.Rd5d6 Kc7
76.Kd5 Re8d8
77.Rd6xd8 Kxd8
78.Ke6 Ke8
79.Kf6 Kf8
80.Ke6 Ke8
81.Kf6 Kf8
82.Kg6 Ke8
83.Kf6 Kf8
84.Ke6 Ke8
85.Kd6 Kd8
86.Ke6 Ke8
87.Kf6 Kf8
1/2-1/2

[Event "Tetraktus 103"]
[Site "www.echecsemail.com"]
[Date "2026.01.31"]
[Round "1"]
[White "Pgo"]
[Black "Skalfa"]
[WhiteElo "1740"]
[BlackElo "1820"]
[Result "0-1"]
1.e4 e5
2.Ng1f3 Nb8c6
3.Bf1b5 d6
4.d3 h6
5.O-O Bc8d7
6.Nb1c3 Ng8f6
7.a3 Bf8e7
8.h3 a6
9.Bb5xc6 Bd7xc6
10.Rf1e1 O-O
11.b4 b5
12.Bc1e3 Nf6h7
13.d4 exd4
14.Nf3xd4 Bc6d7
15.Nc3d5 Be7h4
16.g3 Bh4f6
17.c3 Bd7xh3
18.Qd1f3 Bh3e6
19.a4 Be6xd5
20.exd5 bxa4
21.Ra1xa4 Nh7g5
22.Qf3g2 Rf8e8
23.Re1d1 Ng5e4
24.Nd4c6 Qd8c8
25.Be3d4 Bf6xd4
26.Rd1xd4 Ne4xc3
27.b5 Nc3xa4
28.Rd4xa4 axb5
29.Ra4xa8 Qc8xa8
30.Kh2 Re8e2
31.Qg2f3 Qa8a2
32.Kg2 Re2d2
33.Nc6e7 Kf8
34.Ne7g6 Ke8
35.Ng6h8 f6
36.Qf3e3 Kd8
37.Nh8g6 Qa2xd5
38.Kh2 Qd5h5
39.Ng6h4 Rd2e2
40.Qe3d4 Kd7
41.Kg2 c5
42.Qd4d3 c4
43.Qd3d4 Qh5c5
44.Qd4g4 Re2e6
45.Qg4xg7 Kc6
46.Qg7xh6 c3
47.Qh6c1 c2
48.Nh4f5 Qc5xf5
49.Qc1d2 b4
50.Qd2xb4 c1Q
51.Qb4a4 Kc7
52.Qa4a7 Kd8
53.Qa7b8 Qc1c8
54.Qb8b6 Ke8
{ abandon }0-1

[Event "Coupe Niveau 5"]
[Site "www.echecsemail.com"]
[Date "2026.01.31"]
[Round "1"]
[White "Skalfa"]
[Black "Abc47"]
[WhiteElo "1830"]
[BlackElo "2180"]
[Result "0-1"]
1.e4 e5
2.Ng1f3 Nb8c6
3.Nb1c3 Bf8c5
4.Bf1c4 d6
5.h3 Nc6a5
6.Bc4e2 Ng8f6
7.O-O O-O
8.a3 Na5c6
9.b4 Bc5b6
10.Bc1b2 Bc8e6
11.Nc3a4 h6
12.Na4xb6 axb6
13.d3 Rf8e8
14.c3 d5
15.exd5 Be6xd5
16.b5 Nc6a5
17.c4 Bd5xf3
18.Be2xf3 c6
19.a4 Ra8c8
20.Rf1e1 e4
21.Bb2xf6 Qd8xf6
22.Bf3xe4 Qf6d4
23.Ra1a2 Na5xc4
24.Ra2e2 Nc4d6
25.Be4f3 Re8xe2
26.Re1xe2 cxb5
27.axb5 Nd6xb5
28.Bf3xb7 Nb5c3
29.Qd1d2 Nc3xe2
30.Qd2xe2 Rc8c1
31.Kh2 Qd4d7
32.Qe2d2 Qd7c7
33.g3 Rc1c2
34.Qd2e1 Qc7xb7
35.Kg1 Qb7c6
36.d4 Rc2c1
{ abandon }0-1

[Event "Défi( 10J+24H/c 10J Max )"]
[Site "www.echecsemail.com"]
[Date "2026.01.31"]
[Round "1"]
[White "Pheno"]
[Black "Vvvv"]
[WhiteElo "1730"]
[BlackElo "1700"]
[Result "1-0"]
1.d4 Ng8f6
2.Bc1g5 d5
3.Ng1f3 c5
4.Bg5xf6 gxf6
5.e3 e6
6.c3 c4
7.e4 Nb8c6
8.exd5 Qd8xd5
9.Nb1d2 b5
10.Bf1e2 Bc8b7
11.O-O O-O-O
12.b3 Rh8g8
13.bxc4 bxc4
14.Be2xc4 Qd5h5
15.g3 Bf8h6
16.Bc4e2 Qh5h3
17.Rf1e1 Rd8d5
18.Be2f1 Qh3g4
19.Ra1b1 Bh6xd2
20.Nf3xd2 Qg4h4
21.Rb1xb7 Kxb7
22.Qd1b3 Kc7
23.Nd2c4 Qh4g5
24.Qb3c2 f5
25.Bf1g2 Rd5d7
26.Qc2a4 Rd7d5
27.Bg2xd5 { abandon }1-0

[Event "Tournoi n27422"]
[Site "www.echecsemail.com"]
[Date "2026.01.31"]
[Round "1"]
[White "Tiounet"]
[Black "Hermite"]
[WhiteElo "1570"]
[BlackElo "1570"]
[Result "0-1"]
1.a3 d5
2.b4 e6
3.Bc1b2 f6
4.g3 Nb8c6
5.Bf1g2 Bc8d7
6.e3 Bf8d6
7.Ng1e2 Nc6e5
8.O-O c5
9.bxc5 Bd6xc5
10.d4 Ne5c4
11.Qd1c1 Bc5b6
12.Nb1d2 Nc4xb2
13.Qc1xb2 a6
14.Ra1b1 Bd7b5
15.Rf1e1 Qd8c7
16.a4 Bb5xe2
17.Re1xe2 Ra8b8
18.Qb2xb6 Qc7xc2
19.Qb6b3 Qc2g6
20.Re2e1 Ng8e7
21.Qb3b4 Qg6f7
22.Qb4d6 O-O
23.Qd6c7 Rf8c8
24.Qc7d6 Rc8d8
25.Nd2b3 Rd8xd6
26.Nb3c5 e5
27.Re1c1 Ne7c6
28.Rb1b6 Qf7c7
29.Rc1b1 exd4
30.exd4 Nc6xd4
31.Nc5xa6 Qc7c8
32.Bg2xd5 Rd6xd5
33.Na6xb8 Qc8c2
34.a5 Rd5f5
35.Rb1f1 Qc2e4
36.f4 Nd4e2
37.Kf2 Rf5xa5
38.Nb8d7 Ra5a2
39.Nd7c5 Ne2xf4
{ abandon }0-1

[Event "Défi"]
[Site "www.echecsemail.com"]
[Date "2026.01.31"]
[Round "1"]
[White "Algors"]
[Black "Bilitis"]
[WhiteElo "1770"]
[BlackElo "1750"]
[Result "0-1"]
1.e4 e5
2.Ng1f3 d6
3.Bf1c4 Bc8g4
4.Nb1c3 Ng8f6
5.O-O Nb8c6
6.Rf1e1 Nc6d4
7.Bc4xf7 Kxf7
8.Nf3g5 Ke8
9.f3 Bg4h5
10.d3 h6
11.Ng5h3 g5
12.Bc1e3 c5
13.Nc3d5 Nf6xd5
14.exd5 Bf8e7
15.Be3xd4 cxd4
16.c3 Qd8d7
17.cxd4 g4
18.fxg4 Bh5xg4
19.Qd1d2 Bg4xh3
20.gxh3 Rh8g8
21.Kh1 Qd7xh3
22.Re1f1 Be7h4
23.Rf1g1 Qh3f3
24.Rg1g2 Ke7
25.Kg1 Ra8f8
26.Kh1 Qf3xd5
27.Ra1g1 Rf8f2
{ abandon }0-1

[Event "Défi"]
[Site "www.echecsemail.com"]
[Date "2026.01.31"]
[Round "1"]
[White "Chomi64"]
[Black "Elghribi"]
[WhiteElo "1890"]
[BlackElo "1920"]
[Result "0-1"]
1.d4 Ng8f6
2.Ng1f3 g6
3.Nb1c3 Bf8g7
4.e4 d6
5.Bf1c4 O-O
6.O-O h6
7.Rf1e1 Nb8c6
8.Bc1e3 Nf6d7
9.Nc3d5 e6
10.Nd5c3 e5
11.d5 Nc6e7
12.Qd1d2 Kh7
13.h3 f5
14.Qd2e2 f4
15.Be3d2 g5
16.b4 Ne7g6
17.Nf3h2 Nd7f6
18.f3 h5
19.Nc3d1 Rf8g8
20.Nd1f2 Bg7h6
21.Qe2d1 Ng6h4
22.Bc4b3 Rg8g7
23.c4 Bc8d7
24.c5 Qd8e7
25.Ra1c1 Ra8g8
26.a4 g4
27.hxg4 hxg4
28.fxg4 Nf6xg4
29.Nh2xg4 Bd7xg4
30.Nf2xg4 Rg7xg4
{ abandon }0-1

[Event "Tournoi n27301"]
[Site "www.echecsemail.com"]
[Date "2026.01.31"]
[Round "1"]
[White "Lucas05"]
[Black "Ravanh"]
[WhiteElo "2480"]
[BlackElo "2250"]
[Result "1-0"]
1.d4 d6
2.Ng1f3 Ng8f6
3.c4 Bc8g4
4.Nb1c3 Nb8d7
5.e3 e5
6.dxe5 dxe5
7.Bf1e2 Bf8b4
8.Qd1c2 e4
9.Nf3d2 Bg4xe2
10.Nc3xe2 Nd7c5
11.O-O Qd8d3
12.Ne2d4 O-O-O
13.Nd2b3 Nc5xb3
14.Qc2xb3 Qd3xb3
15.Nd4xb3 Rd8d3
16.Nb3d4 h5
17.Ra1b1 Bb4c5
18.Nd4e2 g5
19.b4 Bc5e7
20.Bc1b2 h4
21.Ne2d4 Rh8g8
22.Nd4f5 Be7d8
23.Nf5h6 Rg8f8
24.Rf1d1 Rd3xd1
25.Rb1xd1 Nf6e8
26.b5 f5
27.Rd1d5 f4
28.c5 Bd8f6
29.Bb2xf6 Ne8xf6
30.Rd5xg5 h3
31.exf4 { abandon }1-0

[Event "Transval 3"]
[Site "www.echecsemail.com"]
[Date "2026.01.31"]
[Round "1"]
[White "Abelito"]
[Black "4x4"]
[WhiteElo "1560"]
[BlackElo "1450"]
[Result "1-0"]
1.e4 e5
2.c3 Nb8c6
3.d4 exd4
4.cxd4 d6
5.d5 Nc6e5
6.a4 Ng8f6
7.Bc1g5 h6
8.Bg5h4 g5
9.Bh4g3 Nf6xe4
10.Qd1h5 Ne4xg3
11.hxg3 Ne5g6
12.Bf1b5 Bc8d7
13.Nb1c3 Bd7xb5
14.Nc3xb5 Bf8g7
15.Nb5c3 Qd8e7
16.Ng1e2 O-O-O
17.O-O Bg7xc3
18.Ne2xc3 Rd8g8
19.Ra1e1 Qe7f8
20.Qh5g4 f5
21.Qg4c4 Ng6e5
22.Qc4d4 Qf8g7
23.Qd4xa7 Kd7
24.Re1d1 f4
25.Nc3b5 Rg8b8
26.Qa7a5 b6
27.Qa5b4 Rh8c8
28.Nb5a7 Rc8f8
29.Na7c6 fxg3
30.fxg3 Rf8xf1
31.Rd1xf1 Ne5xc6
32.dxc6 Kxc6
33.Qb4b5 Kb7
34.b4 Qg7d4
35.Kh2 c6
36.Rf1f7 Kc8
37.Qb5xc6 Kd8
38.Qc6d7 1-0

[Event "1801"]
[Site "www.echecsemail.com"]
[Date "2026.01.31"]
[Round "1"]
[White "Turbo"]
[Black "Qsdmlk"]
[WhiteElo "1350"]
[BlackElo "1550"]
[Result "0-1"]
1.e4 Nb8c6
2.d3 d6
3.Ng1f3 Bc8g4
4.Nb1d2 Ng8f6
5.h3 Bg4h5
6.g4 Bh5g6
7.a4 e5
8.Bf1g2 d5
9.d4 dxe4
10.Nf3h4 exd4
11.Nh4xg6 fxg6
12.Nd2xe4 Bf8b4
13.c3 dxc3
14.Ne4xf6 gxf6
15.O-O O-O
16.Qd1b3 Kg7
17.bxc3 Qd8d3
18.Bc1e3 Rf8d8
19.Qb3e6 Bb4xc3
20.Bg2f3 Bc3xa1
21.Rf1xa1 Nc6e5
22.Bf3xb7 Ra8b8
23.Bb7a6 Rb8b6
24.Ba6xd3 Rb6xe6
25.Bd3b5 a6
26.Bb5f1 Rd8c8
27.f4 Ne5f7
28.Be3f2 c5
29.Ra1b1 c4
30.Rb1c1 Nf7d6
31.f5 gxf5
32.Bf2g3 fxg4
33.hxg4 Kg6
34.Bf1h3 Kg5
35.Rc1d1 Nd6e4
36.Bg3h2 c3
37.Rd1f1 c2
38.Bh2f4 Kh4
39.Kh2 Re6b6
40.g5 Rb6b1
41.Rf1e1 Rb1xe1
42.Bh3xc8 c1Q
43.Bf4xc1 Re1xc1
44.Bc8xa6 fxg5
45.Ba6d3 Ne4g3
46.Bd3xh7 Rc1a1
47.Bh7c2 Ra1a2
{ abandon }0-1

[Event "Défi"]
[Site "www.echecsemail.com"]
[Date "2026.01.31"]
[Round "1"]
[White "Arno"]
[Black "Den"]
[WhiteElo "1770"]
[BlackElo "1890"]
[Result "1-0"]
1.d4 d5
2.Bc1f4 e6
3.Ng1f3 c5
4.e3 Bf8e7
5.c3 c4
6.Nb1d2 f5
7.b3 b5
8.Bf1e2 Nb8d7
9.O-O Ng8f6
10.a4 Bc8a6
11.Nf3e5 O-O
12.Ne5c6 Qd8e8
13.Bf4g5 Be7d6
14.Nc6xa7 Nd7b6
15.Na7xb5 Ba6xb5
16.axb5 Qe8xb5
17.Bg5xf6 Ra8xa1
18.Qd1xa1 Rf8xf6
19.bxc4 dxc4
20.Rf1b1 Qb5c6
21.Qa1a2 Qc6c7
22.Qa2a5 Bd6xh2
23.Kf1 Nb6d5
24.Qa5xc7 Bh2xc7
25.Be2xc4 Nd5xc3
26.Rb1b7 Bc7d6
27.Rb7d7 Rf6h6
28.g3 Bd6b4
29.Nd2f3 Kf8
30.Rd7b7 Bb4e7
31.Kg2 Nc3e4
32.Nf3e5 g5
33.Rb7b8 Kg7
34.Ne5c6 Be7d6
35.Rb8b7 Kf6
36.Nc6d8 f4
37.exf4 gxf4
38.Rb7f7 Kg6
39.Bc4xe6 Ne4g5
40.Be6f5 Kh5
41.g4 Kh4
42.Rf7b7 f3
43.Kg1 Kh3
44.Nd8f7 Bd6h2
45.Kh1 Rh6a6
46.Nf7xg5 Kh4
47.Rb7xh7 Kxg5
48.Kxh2 Ra6a2
49.Kg3 { abandon }1-0

[Event "Tournoi n27397"]
[Site "www.echecsemail.com"]
[Date "2026.01.31"]
[Round "1"]
[White "Jeff75019"]
[Black "Fouvolant"]
[WhiteElo "1460"]
[BlackElo "1420"]
[Result "0-1"]
1.e4 c5
2.Ng1f3 e6
3.d4 cxd4
4.Qd1xd4 Nb8c6
5.Qd4c3 Bf8b4
6.Qc3d2 Bb4xd2
7.Bc1xd2 Qd8c7
8.Bf1d3 Ng8f6
9.O-O h6
10.Nb1c3 a6
11.g3 O-O
12.Bd2f4 d6
13.e5 dxe5
14.Bf4e3 b5
15.Nf3d2 Bc8b7
16.a4 b4
17.Nc3e4 Nf6xe4
18.Bd3xe4 f5
19.Be4d3 Rf8f6
20.Nd2f3 Nc6e7
21.Rf1e1 Bb7xf3
22.h4 f4
23.Be3d2 fxg3
24.fxg3 e4
25.Bd3xe4 Qc7xg3
26.Kf1 Qg3g2
0-1

[Event "Défi"]
[Site "www.echecsemail.com"]
[Date "2026.01.31"]
[Round "1"]
[White "Magyar"]
[Black "Vvvv"]
[WhiteElo "1610"]
[BlackElo "1680"]
[Result "1-0"]
1.e4 g6
2.Nb1c3 Bf8g7
3.Bf1c4 d6
4.Ng1f3 e6
5.d3 a6
6.O-O b5
7.Bc4b3 Nb8d7
8.Bc1d2 Ng8f6
9.a3 O-O
10.Bd2g5 c5
11.Bb3a2 Bc8b7
12.Nc3e2 Qd8c7
13.c4 bxc4
14.Ba2xc4 Nf6xe4
15.dxe4 Bb7xe4
16.Ne2g3 Bg7xb2
17.Ra1a2 Qc7b6
18.Qd1e2 Be4xf3
19.gxf3 Nd7e5
20.Ra2xb2 Ne5xf3
21.Kg2 Qb6c6
22.Qe2xf3 d5
23.Bc4e2 f5
24.Kg1 Ra8b8
25.Rf1b1 Rb8xb2
26.Rb1xb2 e5
27.Qf3b3 f4
28.Ng3f1 Qc6e6
29.Qb3b6 Qe6h3
30.Rb2b3 { abandon }1-0

[Event "Défi"]
[Site "www.echecsemail.com"]
[Date "2026.01.31"]
[Round "1"]
[White "Den"]
[Black "Chomi64"]
[WhiteElo "1880"]
[BlackElo "1880"]
[Result "1-0"]
1.e4 c5
2.d4 cxd4
3.Qd1xd4 Nb8c6
4.Qd4d1 d6
5.Nb1c3 g6
6.f4 Bf8g7
7.Bf1c4 Bg7xc3
8.bxc3 Bc8e6
9.Bc4xe6 fxe6
10.f5 exf5
11.exf5 Qd8a5
12.Bc1d2 Qa5e5
13.Qd1e2 Qe5xf5
14.Ng1f3 Qf5xc2
15.O-O Ng8f6
16.Qe2e6 Qc2e4
17.Qe6b3 Ra8b8
18.Rf1e1 Qe4d5
19.c4 Qd5f7
20.Nf3g5 Qf7g8
21.Bd2c3 Kd7
22.Ng5e6 b6
23.Qb3b5 Qg8f7
24.Ra1d1 Rh8c8
25.Ne6g5 Qf7g8
26.Bc3xf6 exf6
27.Ng5e4 Kc7
28.Rd1xd6 Nc6e5
29.Re1d1 Rc8d8
30.c5 f5
31.Ne4f6 Qg8c4
32.Rd6d7 Ne5xd7
33.Rd1xd7 Rd8xd7
34.Qb5xd7 1-0

[Event "Eq:Avalon-Pirates du Mat :"]
[Site "www.echecsemail.com"]
[Date "2026.01.31"]
[Round "1"]
[White "Daiwen"]
[Black "Di67"]
[WhiteElo "2140"]
[BlackElo "1370"]
[Result "1-0"]
1.d4 e5
2.dxe5 f6
3.e4 fxe5
4.Qd1h5 g6
5.Qh5xe5 Qd8e7
6.Qe5xh8 Qe7g7
7.Qh8xg7 Bf8xg7
8.Bf1c4 Ng8f6
9.Nb1c3 d6
10.Ng1e2 Nb8c6
11.a3 Nc6a5
12.Bc4d3 Na5c6
13.Nc3d5 Kd7
14.Nd5xf6 Bg7xf6
15.Bd3b5 a6
16.Bb5xc6 Kxc6
17.c3 h5
18.Ne2d4 Kd7
19.Bc1e3 c5
20.Nd4f3 b6
21.Ra1d1 Bc8b7
22.e5 Bf6e7
23.exd6 Be7xd6
24.Be3f4 Ra8e8
25.Kf1 Re8e6
26.Rd1xd6 Ke7
27.Rd6xe6 Kxe6
28.Ke2 Kf5
29.Rh1d1 Kxf4
30.Rd1d7 Bb7c6
31.Rd7d6 Bc6b5
32.Kd2 g5
33.Rd6f6 Ke4
34.Nf3xg5 Kd5
35.Rf6xb6 Bb5c4
36.Ke3 Bc4f1
37.f4 Bf1xg2
38.f5 Kc4
39.Ng5e4 a5
40.f6 Kd5
41.f7 Bg2xe4
42.f8Q c4
43.Qf8d6 1-0

[Event "ZGOUGOU"]
[Site "www.echecsemail.com"]
[Date "2026.01.31"]
[Round "1"]
[White "Mindthegap"]
[Black "Casisimed"]
[WhiteElo "1440"]
[BlackElo "1620"]
[Result "0-1"]
1.e4 e5
2.Ng1f3 Nb8c6
3.Nb1c3 Ng8f6
4.Bf1c4 d6
5.d3 Bc8g4
6.Nc3e2 Bg4xf3
7.gxf3 Bf8e7
8.Bc1g5 O-O
9.Rh1g1 a6
10.Ne2g3 b5
11.Bg5xf6 Be7xf6
12.Bc4d5 Qd8d7
13.Ng3f5 g6
14.Nf5h6 Kg7
15.Nh6f5 Kh8
16.f4 exf4
17.Bd5xc6 Qd7xc6
18.Qd1f3 g5
19.Qf3h5 Qc6xc2
20.Rg1xg5 Qc2xb2
21.Qh5xh7 Kxh7
22.Rg5h5 Kg6
{ abandon }0-1

[Event "Défi"]
[Site "www.echecsemail.com"]
[Date "2026.01.31"]
[Round "1"]
[White "Plaisance"]
[Black "Vvvv"]
[WhiteElo "1950"]
[BlackElo "1680"]
[Result "1-0"]
1.d4 g6
2.Ng1f3 Bf8g7
3.Bc1f4 d6
4.e3 a6
5.Bf1e2 Nb8d7
6.c4 e6
7.O-O Ng8f6
8.Nb1d2 O-O
9.b4 Rf8e8
10.h3 e5
11.dxe5 dxe5
12.Bf4h2 e4
13.Nf3d4 c5
14.bxc5 Nd7xc5
15.Qd1c2 Nf6d7
16.Ra1b1 Nd7f6
17.Nd2b3 Nc5xb3
18.axb3 Bg7f8
19.Rf1d1 Qd8b6
20.Qc2b2 Bf8b4
21.Nd4c2 a5
22.Bh2e5 Bb4e7
23.Rb1a1 Re8d8
24.Be5d4 Rd8xd4
25.exd4 { abandon }1-0

[Event "Tournoi n27384"]
[Site "www.echecsemail.com"]
[Date "2026.01.31"]
[Round "1"]
[White "Tiounet"]
[Black "Sam94"]
[WhiteElo "1650"]
[BlackElo "1490"]
[Result "1-0"]
1.a3 d5
2.b4 Bc8g4
3.Bc1b2 f6
4.Ng1f3 e5
5.g3 d4
6.Bf1g2 c6
7.O-O Nb8d7
8.d3 Ng8e7
9.c3 Ne7c8
10.cxd4 exd4
11.Nf3xd4 Bf8d6
12.Nb1d2 O-O
13.Rf1e1 Rf8e8
14.Qd1b3 Kh8
15.Nd2e4 Bd6e5
16.Ra1c1 b5
17.Nd4xc6 Qd8b6
18.Nc6xe5 Nd7xe5
19.Ne4xf6 Qb6xf6
20.Bg2xa8 Nc8d6
21.Ba8g2 Bg4e6
22.Qb3c3 h6
23.Qc3xe5 Qf6xe5
24.Bb2xe5 Nd6f5
25.d4 Re8f8
26.e3 Nf5e7
27.Rc1c7 Rf8f7
28.Bg2e4 Kg8
29.Rc7xa7 Kf8
30.Be5d6 Ke8
31.Ra7xe7 Rf7xe7
32.Bd6xe7 Kxe7
33.Be4c6 Kf6
34.Bc6xb5 Kf5
35.Re1c1 Be6d5
36.Bb5d7 Ke4
37.b5 Kf3
38.a4 Bd5b3
39.a5 Ke2
40.b6 Kd2
41.b7 Kxc1
42.b8Q Bb3d5
43.a6 Kd2
44.a7 Ke2
45.a8Q Bd5xa8
46.Qb8xa8 g5
47.Qa8e4 Ke1
48.Bd7a4 h5
49.Qe4d3 h4
50.Qd3d1 1-0

[Event "Défi"]
[Site "www.echecsemail.com"]
[Date "2026.01.31"]
[Round "1"]
[White "Tartu"]
[Black "Ephixe"]
[WhiteElo "1730"]
[BlackElo "1810"]
[Result "0-1"]
1.f4 Ng8f6
2.Ng1f3 e6
3.b3 Bf8c5
4.e3 O-O
5.Bf1e2 Nb8c6
6.Bc1b2 d5
7.O-O d4
8.Nf3xd4 Nc6xd4
9.exd4 Bc5xd4
10.Bb2xd4 Qd8xd4
11.Kh1 Qd4xa1
12.a4 Rf8d8
13.d3 Nf6d5
14.c4 Nd5e3
{ abandon }0-1